| 000 | 00926cam a2200301 a 4500 | ||
|---|---|---|---|
| 001 | 2925401 | ||
| 003 | LC | ||
| 005 | 20160304142541.0 | ||
| 008 | 890526s1989 nyu 000 1 eng | ||
| 010 | _a 89010287 | ||
| 020 | _a9780002234771 | ||
| 040 |
_aDLC _cDLC _dDLC _dOCoLC |
||
| 043 | _an-us--- | ||
| 050 | 0 | 0 |
_aPS 3553 .L245 _b.C587 1989 |
| 082 | 0 | 0 |
_aFIC _bC52cl 1989 |
| 100 | 1 |
_aClancy, Tom, _d1947- _920021 |
|
| 245 | 1 | 0 |
_aClear and present danger _cTom Clancy |
| 260 |
_aNew York : _bWiliam Collins Sons & Co. Ltd., _c1989. |
||
| 300 |
_a816 p. : _c24 cm. |
||
| 650 | 0 |
_aCriminal activities _xFiction _920022 |
|
| 650 | 0 |
_aDrug lords _xColombia _xFiction _920023 |
|
| 650 | 0 |
_aAssassination _xFiction _920840 |
|
| 650 | 0 |
_aMr.Clark (Fictitious character _zFiction. _920841 |
|
| 655 | 7 |
_aSpy stories. _2gsafd _94765 |
|
| 906 |
_a7 _bcbc _corignew _d1 _eocip _f19 _gy-gencatlg |
||
| 942 |
_2lcc _cBK |
||
| 999 |
_c11915 _d11915 |
||